My India (Record no. 32286)

MARC details
000 -LEADER
fixed length control field 00248nam a2200109Ia 4500
082 ## - DEWEY DECIMAL CLASSIFICATION NUMBER
Item number COR
100 ## - MAIN ENTRY--AUTHOR NAME
Personal name Corbett, Jim
245 #0 - TITLE STATEMENT
Title My India
260 ## - PUBLICATION, DISTRIBUTION, ETC. (IMPRINT)
Place of publication Delhi
Name of publisher Oxford University
Year of publication 1957
942 ## - ADDED ENTRY ELEMENTS (KOHA)
Koha item type Books
Holdings
Withdrawn status Lost status Damaged status Not for loan Home library Current library Date acquired Full call number Accession Number Koha item type
      Write off RRII Library RRII Library 16/12/2021 COR 12806 Books